000 01051nam a2200169 i 4500
001 140653
003 ES-MaACL
005 20230906200125.0
007 t|
008 070214s19131916fr r ||||1| fre d
100 1 _aSéjourné, Paul.
_9105279
245 1 0 _aGrandes voûtes /
_cpar Paul Séjourné.
260 _aBourges :
_b[s. n.],
_c1913-16 (
_fImp. Vve Tardy-Pigelet & Fils)
300 _a6 v. ;
_c33 x 25 cm.
505 8 _aContiene: I. 1re. partie. Voûtes inarticuleés Pleins cintres et ellipses.- 3 h., V, 259 p., 6 h. de lám. II. 1re. partie. Voûtes inarticulées. Ares peu surbaissés.- 2 h., III, 220 p., 11 h. de lám. III. 1re. partie. Voûtes inarticulées Ares assez surbaissés. Ares très sur baissés.- 2 h., III, 42 p., 2 h. de lám. IV. 2me. partie. Voûtes articulées.- 2 h., III, 302 p., 1 h., 1 h. de lám. V. 3me. partie. Se que L'expérience en seigne de commUn a toutes les voûtes.- 2 h., 234 p., 1 h. de lám. VI. Appendice. Pratique des voûtes Annexes.- 2 h., 283 p., 6 h. de lám.
852 _aES-MaACL
_jG-6349-54
999 _c140653
_d140653